| 000 | 01643nam a2200505 i 4500 | ||
|---|---|---|---|
| 001 | 36079 | ||
| 003 | KOSZ 005 | ||
| 005 | 20240405063114.0 | ||
| 008 | 981118s1998 pl a |000 0 pol | ||
| 015 | _aUWD 1998/14920 | ||
| 020 | _a8320811600 | ||
| 035 | _a991008014589705066 | ||
| 035 | _a(PL-WaBN)b12064762-48omnis_nlop | ||
| 035 | _ab12064762 | ||
| 035 | _a(OCoLC)69291503 | ||
| 035 | _azz2006866149 | ||
| 035 | _a(PL)b0000001206476 | ||
| 035 | _a(EXLNZ-48OMNIS_NETWORK)9910402890305606 | ||
| 040 |
_aWA N _cWA N _dKOSZ 005/HR |
||
| 041 | 0 | _apol | |
| 046 | _k1998 | ||
| 080 | _a338.1(438)"19" | ||
| 080 | _a(075.8) | ||
| 100 | 1 |
_aKaliński, Janusz _d(1942- ) _eAutor |
|
| 245 | 1 | 0 |
_aGospodarka Polski w XX wieku / _cJanusz Kaliński, Zbigniew Landau. |
| 260 |
_aWarszawa : _bPolskie Wydaw. Ekonomiczne, _c1998. |
||
| 300 |
_a390, [2] s. : _bwykr. ; _c21 cm. |
||
| 336 |
_aTekst _btxt _2rdacontent |
||
| 337 |
_aBez urządzenia pośredniczącego _bn _2rdamedia |
||
| 338 |
_aWolumin _bnc _2rdacarrier |
||
| 380 | _aKsiążki | ||
| 388 | _a1901-2000 | ||
| 388 | _a1989-2000 | ||
| 504 | _aBibliogr. s. 387-[391]. | ||
| 648 | 7 |
_a1901-2000 _2DBN |
|
| 650 | 7 | _aHistoria gospodarcza | |
| 651 | 7 |
_aPolska _2DBN |
|
| 655 | 7 |
_aPodręczniki akademickie _2DBN |
|
| 658 | _aGospodarka, ekonomia, finanse | ||
| 700 | 1 |
_aLandau, Zbigniew _d(1931-2018) _eAutor |
|
| 710 | 2 |
_aPolskie Wydawnictwo Ekonomiczne _4pbl |
|
| 856 |
_uhttp://koha.tu.koszalin.pl/cgi-bin/koha/opac-detail.pl?biblionumber=36079 _yKatalog online BPK |
||
| 942 |
_2UKD _cKS |
||
| 999 |
_c36079 _d36079 |
||